|
|
|
|
| LEADER |
00000naa a2200000 a 4500 |
| 001 |
vtls011851527 |
| 003 |
SK-MaSNL |
| 005 |
20260302134337.0 |
| 008 |
210910|2004 xo |||||||||||||||||slo| |
| 015 |
|
|
|a SNBCL
|
| 035 |
|
|
|a (urnnbn)urn:nbn:sk:snk:ar-a0athb
|
| 035 |
|
|
|a urn:nbn:sk:snk-aaw6fc
|
| 035 |
|
|
|a (uuid)d7e73267-4ace-45a2-a684-3f589d1edebc
|
| 040 |
|
|
|a SNKBUCL
|b slo
|c SNKBUCL
|e AACR2
|
| 041 |
|
|
|a slo
|
| 044 |
|
|
|a xo
|c SK
|
| 100 |
1 |
|
|a Foltínová, Alžbeta
|4 aut
|9 785830
|
| 245 |
1 |
0 |
|a VÝZNAM SLOBODNÝCH POVOLANÍ PRI VYTVÁRANÍ PRACOVNÝCH MIEST
|c Alžbeta Foltínová
|
| 336 |
|
|
|a text
|b txt
|c rdacontent
|
| 337 |
|
|
|a bez média
|b n
|c rdamedia
|
| 338 |
|
|
|a zväzok
|b nc
|c rdacarrier
|
| 655 |
|
7 |
|a články zo zborníkov
|2 snkbucl
|9 166140
|
| 773 |
0 |
|
|t Podnik a podnikateľské prostredie v Slovenskej republike v období vstupu do Európskej únie
|d Bratislava : Ekonóm, 2004
|g S. 34-37
|z 8022518700
|
| 958 |
|
|
|a OND
|
| 958 |
|
|
|a article26
|
| 958 |
|
|
|a chapter
|
| 999 |
|
|
|c 1321321
|d 1323251
|